FUNDAMENTALS OF GLOBAL STRATEGY A BUSINE (Record no. 31124)

MARC details
000 -LEADER
fixed length control field 00334nam a2200121Ia 4500
008 - FIXED-LENGTH DATA ELEMENTS--GENERAL INFORMATION
fixed length control field 240624s9999 xx 000 0 und d
041 ## - LANGUAGE CODE
Language code of text/sound track or separate title eng
100 ## - MAIN ENTRY--PERSONAL NAME
Personal name DE KLUYVER CORNELIS A
245 ## - TITLE STATEMENT
Title FUNDAMENTALS OF GLOBAL STRATEGY A BUSINE
260 ## - PUBLICATION, DISTRIBUTION, ETC.
Date of publication, distribution, etc. 2010
Place of publication, distribution, etc. London
Name of publisher, distributor, etc. Business Expert Press
300 ## - PHYSICAL DESCRIPTION
Extent xiv, 256 p,: 23 cm.
365 ## - TRADE PRICE
Currency code RS
Price amount 38
Holdings
Withdrawn status Lost status Damaged status Not for loan Home library Current library Shelving location Date acquired Total Checkouts Barcode Date last seen Copy number Price effective from Koha item type
        IMTN IMTN Rack 30-B 09/06/2018   31124 06/24/2024 1 06/24/2024 Books
Designed & Maintained by: LRC IMT Nagpur Contact: lrc@imtnag.ac.in© 2024. All Rights Reserved.